Brawl Stars Brawlers / 2026 - Statistics

General Stats
  • This quiz has been taken 644 times
    136 since last reset
  • The average score is 62 of 104
Answer Stats
Nadirlik Caracters % Correct
Starting Shelly
90%
Rare Colt
82%
Rare Nita
79%
Rare Barley
77%
Rare Bull
77%
Epic Bo
74%
Rare Brock
74%
Rare Rosa
74%
Legendary Leon
74%
Mythic Mortis
74%
Super Rare Rico
74%
Legendary Crow
72%
Legendary Meg
72%
Legendary Kit
72%
Epic Piper
72%
Rare Poco
72%
Ultra Legendary Sirius
72%
Legendary Spike
72%
Legendary Surge
72%
Epic Bibi
69%
Super Rare Darryl
69%
Rare El Primo
69%
Super Rare Jessie
69%
Ultra Legendary Kaze
69%
Mythic Tara
69%
Super Rare Dynamike
67%
Epic Gale
67%
Epic Pam
67%
Legendary Sandy
67%
Super Rare 8-Bit
64%
Legendary Amber
64%
Mythic Damian
64%
Epic Edgar
64%
Epic Sam
64%
Super Rare Tick
64%
Epic Belle
62%
Epic Bonnie
62%
Mythic Buzz
62%
Legendary Chester
62%
Epic Colette
62%
Legendary Cordelius
62%
Super Rare Gus
62%
Super Rare Jacky
62%
Mythic Lily
62%
Epic Nani
62%
Super Rare Penny
62%
Epic Stu
62%
Epic Bea
59%
Mythic Byron
59%
Epic Emz
59%
Epic Frank
59%
Legendary Kenji
59%
Epic Mandy
59%
Mythic Otis
59%
Legendary Pierce
59%
Mythic Star Nova
59%
Super Rare Carl
56%
Epic Larry and Lawrie
56%
Epic Griff
56%
Mythic Lou
56%
Mythic Max
56%
Mythic Ruffs
56%
Mythic Sprout
56%
Epic Angelo
54%
Epic Berry
54%
Legendary Draco
54%
Mythic Finx
54%
Mythic Gene
54%
Epic Grom
54%
Mythic MR. P
54%
Mythic Najia
54%
Epic Trunk
54%
Mythic Ziggy
54%
Epic Ash
51%
Mythic Clancy
51%
Epic Meeple
51%
Mythic Mina
51%
Epic Pearl
51%
Mythic RT
51%
Mythic Squeak
51%
Mythic Alli
49%
Mythic Chuck
49%
Mythic Fang
49%
Mythic Gigi
49%
Mythic Gray
49%
Mythic Janet
49%
Mythic Juju
49%
Mythic Mico
49%
Epic Shade
49%
Mythic Willow
49%
Epic Bolt
46%
Mythic Buster
46%
Mythic Charlie
46%
Mythic Glowbert
46%
Mythic Lumi
46%
Epic Maisie
46%
Mythic Moe
46%
Mythic Doug
44%
Mythic Eve
44%
Epic Hank
44%
Mythic Jae Yong
44%
Epic Lola
44%
Mythic Melodie
41%
Mythic Ollie
33%
No matching quizzes found
Score Distribution
Percent of People with Each Score
Percentile by Number Answered
Your Score History
You have not taken this quiz since the last reset